| Tag |
First Indicator |
Second Indicator |
Subfields |
| LEADER |
00000cam a22000008a 4500 |
| 001 |
in00000891313 |
| 005 |
20240730144133.7 |
| 008 |
890407s1989 cau b 000 0 eng |
| 010 |
|
|
|a 89033223
|
| 020 |
|
|
|a 0874774861
|
| 020 |
|
|
|a 087477487X (pbk.)
|
| 035 |
|
|
|a (OCoLC)19670168
|
| 035 |
|
|
|9 AEK7134AM
|
| 040 |
|
|
|a DLC
|c DLC
|d OCL
|d TXA
|d UtOrBLW
|
| 043 |
|
|
|a n-us---
|
| 049 |
|
|
|a TXAM
|c [A12717539]
|
| 050 |
0 |
0 |
|a HQ32
|b .R87 1989
|
| 082 |
0 |
|
|a 306.7
|2 20
|
| 100 |
1 |
|
|a Rutter, Peter.
|
| 245 |
1 |
0 |
|a Sex in the forbidden zone :
|b when men in power--therapists, doctors, clergy, teachers, and others, betray women's trust /
|c Peter Rutter.
|
| 250 |
|
|
|a 1st ed.
|
| 264 |
|
1 |
|a Los Angeles :
|b J.P. Tarcher ;
|c [1989]
|
| 264 |
|
2 |
|a New York :
|b Distributed by St. Martin's Press,
|
| 264 |
|
4 |
|c ©1989
|
| 300 |
|
|
|a ix, 240 pages
|
| 336 |
|
|
|a text
|b txt
|2 rdacontent
|
| 337 |
|
|
|a unmediated
|b n
|2 rdamedia
|
| 338 |
|
|
|a volume
|b nc
|2 rdacarrier
|
| 504 |
|
|
|a Includes bibliographical references.
|
| 650 |
|
0 |
|a Sexual ethics
|z United States.
|
| 650 |
|
0 |
|a Professional employees
|z United States
|x Sexual behavior.
|
| 650 |
|
0 |
|a Professional ethics
|z United States.
|
| 999 |
|
|
|a MARS
|
| 999 |
f |
f |
|s b4eca8e7-fdba-3506-902e-68118eab71b3
|i ec447db3-f5cd-3f40-84ee-68f17f760250
|t 0
|
| 952 |
f |
f |
|p ric
|a Texas A&M University
|b Rellis Campus
|c Joint Library Facility
|d Remote Storage
|t 0
|e HQ32 .R87 1989
|h Library of Congress classification
|i unmediated -- volume
|m A14812717539
|
| 998 |
f |
f |
|a HQ32 .R87 1989
|t 0
|l Remote Storage
|